Az 1939-es lengyel hadjárat (A katonai események története)

Elmentve itt :
Bibliográfiai részletek
Szerző: Babos László
További közreműködők: Kiss Gábor Ferenc (Témavezető)
Dokumentumtípus: Szakdolgozat
Megjelent: 2002
Tárgyszavak:
Online Access:http://diploma.bibl.u-szeged.hu/89842
LEADER 00656nta a2200193 i 4500
001 dipl89842
005 20201125143644.0
008 201125s2002 hu om 0|| zxx d
040 |a SZTE Diploma Repozitórium  |b hun 
041 |a zxx 
100 1 |a Babos László 
245 1 3 |a Az 1939-es lengyel hadjárat (A katonai események története)  |h [elektronikus dokumentum] /  |c László Babos 
260 |c 2002 
650 4 |a Bölcsészettudományok 
650 4 |a Humanities 
650 4 |a History and archaeology 
650 4 |a History 
700 1 |a Kiss Gábor Ferenc  |e ths 
856 4 0 |u http://diploma.bibl.u-szeged.hu/id/eprint/89842/1/2002_babos_laszlo.pdf  |z Dokumentum-elérés